[Event "3rd Open"]
[Site "Kolkata IND"]
[Date "2008.04.02"]
[Round "10"]
[White "Barbosa,O PHI"]
[Black "Neelotpal,D"]
[Result "0-1"]
[WhiteElo "2410"]
[BlackElo "2486"]

1.e4 c5 2.c3 Nf6 3.e5 Nd5 4.d4 cxd4 5.Nf3 e6 6.cxd4 d6 7.Bc4 Nc6 8.O-O Be7
9.a3 O-O 10.Qe2 Qb6 11.Rd1 Bd7 12.Nc3 Nxc3 13.bxc3 dxe5 14.dxe5 Rfd8 15.Bd3 Be8
16.Bg5 Bxg5 17.Nxg5 h6 18.Nf3 Ne7 19.Qe4 Ng6 20.Qg4 Nf8 21.h4 Qc7 22.Rac1 Rd5
23.c4 Ra5 24.Qg3 Rxa3 25.Nh2 f5 26.exf6 Qxg3 27.fxg3 gxf6 28.Be4 Rb8 29.Bf3 Nd7
30.Rd6 Nc5 31.Rcd1 Kg7 32.Rd8 Rxd8 33.Rxd8 Ra4 34.Kf2 Bc6 35.Bxc6 bxc6 36.Nf3 Ne4+
37.Ke3 Nxg3 38.Rd7+ Kg6 39.Kf2 Ne4+ 40.Ke3 Ng3 41.Kf4 Nh5+ 42.Ke3 Ra3+ 43.Kf2 Nf4
44.g4 h5 45.gxh5+ Kxh5 46.Rh7+ Kg6 47.Rc7 c5 48.Nd2 f5 49.Nf3 Nd3+ 50.Ke2 Nf4+
51.Kf2 Kf6 52.h5 Nxh5 53.Rxc5 Nf4 54.Rb5 Nd3+ 55.Ke2 e5 56.c5 Rc3 57.c6 Rxc6
58.Kxd3 e4+ 59.Ke2 exf3+ 60.Kxf3 Rc3+ 61.Kf4 Rc4+ 62.Kf3 Ra4  0-1

[Event "GM"]
[Site "Beer Sheva ISR"]
[Date "2008.04.04"]
[Round "8"]
[White "Kaplan,S"]
[Black "Sidorenko,I"]
[Result "0-1"]
[WhiteElo "2456"]
[BlackElo "2320"]

1.e4 c5 2.c3 Nf6 3.e5 Nd5 4.d4 cxd4 5.Nf3 Nc6 6.cxd4 d6 7.Bc4 Nb6 8.Bb3 dxe5
9.d5 Na5 10.Nc3 Bg4 11.Ba4+ Nxa4 12.Qxa4+ Bd7 13.Qe4 f6 14.Be3 Rc8 15.Nd2 Qc7
16.O-O b5 17.Rac1 f5 18.Qb4 e6 19.Nxb5 Qxc1 20.Qxa5 Qxb2 21.Nc7+ Kf7 22.dxe6+ Bxe6
23.Nxe6 Kxe6 24.Qa6+ Bd6 25.Nc4 Qb4 26.Rd1 Rxc4 27.a3 Rd4 28.Bxd4 Qxa3 29.Qc4+ Kf6
30.Rd3 Rc8 31.Qxc8 Qxd3 32.Qd8+ Ke6 33.Qg8+ Kd7 34.Qf7+ Kc6 35.Qe8+ Kd5 36.Qa8+ Kxd4
37.Qxa7+ Kc3 38.g3 f4 39.Qa5+ Kc2 40.Qa2+ Kd1 41.Qa1+ Ke2 42.Qf1+ Kd2 43.Qa1 Qa3  0-1

[Event "TCh-RUS w"]
[Site "Dagomys RUS"]
[Date "2008.04.04"]
[Round "3"]
[White "Girya,O"]
[Black "Gaponenko,I"]
[Result "1/2-1/2"]
[WhiteElo "2361"]
[BlackElo "2442"]

1.e4 c5 2.c3 Nf6 3.e5 Nd5 4.Nf3 e6 5.Na3 d6 6.exd6 Bxd6 7.Nc4 Be7 8.d4 cxd4
9.Nxd4 a6 10.Bd3 Qc7 11.O-O O-O 12.Re1 Bf6 13.Qf3 Bd7 14.Qe4 g6 15.Bh6 Bg7
16.Bxg7 Kxg7 17.Ne5 Nc6 18.Ndxc6 Bxc6 19.Qd4 Nf6 20.Nxc6 Qxc6 21.c4 Rfd8
22.Qc3 Qd6 23.Be4 Qd4 24.Bxb7 Ra7 25.Qxd4 Rxd4 26.Bf3 Rxc4 27.Rac1 Rb4 28.Rc2 a5
29.Kf1 g5 30.h3 h5 31.Re5 g4 32.hxg4 hxg4 33.Be2 Rab7 34.Rxa5 Rxb2 35.Rxb2 Rxb2
36.Bxg4 Nxg4 37.Rg5+ Kf6  1/2-1/2

[Event "TCh-RUS w"]
[Site "Dagomys RUS"]
[Date "2008.04.04"]
[Round "3"]
[White "Sazonova,E"]
[Black "Korbut,E"]
[Result "0-1"]
[WhiteElo "2195"]
[BlackElo "2468"]

1.e4 c5 2.c3 Nf6 3.e5 Nd5 4.d4 cxd4 5.Nf3 Nc6 6.cxd4 d6 7.Bc4 e6 8.exd6 Bxd6
9.O-O O-O 10.Nc3 Nxc3 11.bxc3 b6 12.Qe2 Bb7 13.Bd3 Be7 14.Qe4 g6 15.Bh6 Re8
16.Rfe1 Rc8 17.Qg4 Bf6 18.h4 Bg7 19.Bxg7 Kxg7 20.h5 Qf6 21.Be4 Na5 22.Bxb7 Nxb7
23.Re3 Qf5 24.Qh4 Qxh5 25.Qxh5 gxh5 26.Rae1 Nd6 27.Nd2 Nf5 28.Rf3 Red8 29.Ne4 Rd5
30.Ng3 Nh4 31.Rfe3 Ng6 32.Ne2 Ra5 33.Ra1 Rc4 34.Kh2 Ra3 35.Kh3 Rca4 36.Nc1 Nf4+
37.Kh2 Nd5 38.Rg3+ Kf8 39.Rg5 Rxc3 40.Rxh5 Rc2 41.Rxh7 Rxd4 42.Nb3 Ra4 43.a3 Rxf2
44.Kg1 Rb2 45.Rf1 Nf4  0-1

[Event "TCh-RUS w"]
[Site "Dagomys RUS"]
[Date "2008.04.10"]
[Round "8"]
[White "Sazonova,E"]
[Black "Molchanova,T"]
[Result "0-1"]
[WhiteElo "2195"]
[BlackElo "2359"]

1.e4 c5 2.c3 Nf6 3.e5 Nd5 4.d4 cxd4 5.Nf3 Nc6 6.Bc4 Nb6 7.Bb3 d5 8.exd6 Qxd6
9.cxd4 Be6 10.Nc3 Bxb3 11.Qxb3 Qb4 12.d5 Qxb3 13.axb3 Nb4 14.Ra5 g6 15.Ke2 Bg7
16.Rd1 O-O 17.Be3 Rfc8 18.Nd4 a6 19.Rd2 Be5 20.f4 Bc7 21.Rc5 Nd7 22.Rc4 Bd6
23.Nc2 Nxc2 24.Rxc2 b5 25.Rc6 Rxc6 26.dxc6 Nf6 27.Bd4 Rc8 28.Bxf6 Rxc6 29.Bd4 b4
30.g3 bxc3 31.bxc3 f6 32.Kd3 e5 33.fxe5 fxe5 34.Be3 Kf7 35.c4 Ke6 36.c5 Be7
37.Kc4 Rc8 38.Ra2 Rc6 39.g4 g5 40.b4 Bf6 41.Bf2 Be7 42.Ra1 Bd8 43.Rd1 Be7
44.Rd5 Bf6 45.Bg3 e4 46.Rf5 h6 47.b5 axb5+ 48.Kxb5 Rc8 49.c6 h5 50.h3 e3
51.Rc5 h4 52.Be1 Be5 53.Ba5 Bg3 54.c7 e2 55.Rc2 e1=Q 56.Bxe1 Bxe1 57.Re2+ Kd5
58.Rxe1 Rxc7 59.Rf1 Rb7+ 60.Ka4 Ke4 61.Rf5 Rb1 62.Rxg5 Rh1 63.Kb4 Rxh3 64.Rg8 Rg3
65.Kc4 h3 66.g5 Kf3 67.Kd4 Kg2 68.Kd5 h2  0-1

[Event "Gausdal Classics GMB"]
[Site "Gausdal NOR"]
[Date "2008.04.10"]
[Round "3"]
[White "Mader,Ma"]
[Black "Stips,F"]
[Result "1-0"]
[WhiteElo "2161"]
[BlackElo "2102"]

1.e4 c5 2.c3 Nf6 3.e5 Nd5 4.Nf3 e6 5.Bc4 d6 6.d4 cxd4 7.cxd4 Nb6 8.Bb3 dxe5
9.Nxe5 Nc6 10.Qf3 Qc7 11.Nxc6 Qxc6 12.Qxc6+ bxc6 13.O-O c5 14.dxc5 Bxc5 15.Nc3 Bb7
16.Bf4 Ke7 17.Rfd1 Rhd8 18.Nb5 a6 19.Rac1 Rxd1+ 20.Bxd1 Nd7 21.Nc3 e5 22.Na4 Bd4
23.Bd2 Rc8 24.Bb4+ Kf6 25.Rxc8 Bxc8 26.Bf3 Nb6 27.Nxb6 Bxb6 28.Bf8 g6 29.b4 Be6
30.a4 Bc4 31.Bc6 Ke6 32.g3 Bd5 33.Be8 Bd8 34.b5 axb5 35.Bxb5 Be7 36.Bxe7 Kxe7
37.Kf1 Kd6 38.Ke2 Kc5 39.Ke3 f5 40.h4 Bb3 41.f4 e4 42.h5 Kb4 43.Be8 Bxa4
44.Bxg6 h6 45.Bxf5 Bd1 46.g4 Kc5 47.g5  1-0

[Event "6th V.Nabokov Mem"]
[Site "Kyiv UKR"]
[Date "2008.04.13"]
[Round "11"]
[White "Vysochin,S"]
[Black "Golichenko,I"]
[Result "0-1"]
[WhiteElo "2521"]
[BlackElo "2353"]

1.e4 c5 2.c3 Nf6 3.e5 Nd5 4.Nf3 Nc6 5.Bc4 Nb6 6.Bb3 c4 7.Bc2 Qc7 8.Qe2 g5
9.h3 Bg7 10.O-O Nxe5 11.Nxg5 h6 12.Nf3 Nxf3+ 13.Qxf3 d5 14.Re1 e5 15.Qg3 Bf6
16.d4 cxd3 17.Bxd3 Be6 18.Na3 a6 19.Nc2 O-O-O 20.Qf3 Nd7 21.Bf5 h5 22.Ne3 e4
23.Qe2 Ne5 24.Rd1 Rhg8 25.Rxd5 Bxf5 26.Rxd8+ Bxd8 27.Nxf5 Nf3+ 28.Kf1 Rxg2
29.Qxe4 Rg1+ 30.Ke2 Re1+ 31.Kxf3 Rxe4 32.Kxe4 Qc6+ 33.Kd3 Qf3+ 34.Ne3 f5
35.Kc2 Qe4+ 36.Kb3 b5 37.a4 f4 38.axb5 axb5 39.Nd1 Qd3 40.Ne3 fxe3 41.Bxe3 Qd5+
42.Kc2 Qf5+ 43.Kd2 Qxh3 44.Ra8+ Kd7 45.Ra7+ Kc6 46.Ra6+ Kd5 47.b3 Qc8 48.Rh6 Qf5
49.Rh8 Bg5 50.Ke2 Qc2+ 51.Kf3 Qd1+ 52.Kg2 Qg4+ 53.Kh2 Bxe3 54.fxe3 Ke4 55.c4 Qh4+
56.Kg2 Qg5+ 57.Kh1 Kf3 58.Rf8+ Kg3 59.Rf4 Qd8  0-1

[Event "Gausdal Classics GMB"]
[Site "Gausdal NOR"]
[Date "2008.04.15"]
[Round "8"]
[White "Mader,Ma"]
[Black "Saevareid,O"]
[Result "0-1"]
[WhiteElo "2161"]
[BlackElo "2162"]

1.e4 c5 2.c3 Nf6 3.e5 Nd5 4.Nf3 e6 5.Bc4 Nc6 6.d4 cxd4 7.cxd4 d6 8.O-O Be7
9.Qe2 O-O 10.Nc3 Nxc3 11.bxc3 dxe5 12.dxe5 Qa5 13.Bd2 Rd8 14.Bd3 Qa4 15.Ng5 g6
16.f4 Bxg5 17.fxg5 Nxe5 18.Qxe5 Rxd3 19.Be3 Bd7 20.Bd4 Rxd4 21.cxd4 Bc6 22.Qf6 Rf8
23.Rf2 Qa3 24.Qe5 Qe7 25.Raf1 Qd7 26.Qc5 a6 27.Rf4 Bd5 28.Qa3 Qd8 29.h4 Bc6
30.Qg3 Qd5 31.R1f2 Be8 32.h5 f5 33.gxf6 Qxh5 34.Rh4 Qd5 35.Qh2 h5 36.g4 g5
37.Rxh5 Bxh5 38.Qxh5 Rf7 39.Qg6+ Kf8 40.Qd3 Rc7 41.Rh2 Rc1+ 42.Kf2 Qxa2+
43.Kg3 Rg1+ 44.Kh3 Qd5 45.Rf2 Rh1+ 46.Kg3 Qd6+ 47.Kg2 Qh2+ 48.Kf3 Qh3+ 49.Ke2 Re1+  0-1

[Event "Open"]
[Site "Senj CRO"]
[Date "2008.04.17"]
[Round "2"]
[White "Mestrovic,Z"]
[Black "Prlac,V"]
[Result "1/2-1/2"]
[WhiteElo "2328"]
[BlackElo "2100"]

1.e4 c5 2.c3 Nf6 3.e5 Nd5 4.d4 cxd4 5.Nf3 Nc6 6.Bc4 Nb6 7.Bb3 d5 8.exd6 Qxd6
9.cxd4 Be6 10.Nc3 Bxb3 11.Qxb3 e6 12.O-O Qb4 13.Qc2 Be7 14.Qe4 O-O 15.a3 Qa5
16.Ne5 Bf6 17.Nxc6 bxc6 18.Bf4 Nd5  1/2-1/2

[Event "Copenhagen Chess Challenge"]
[Site "Ballerup DEN"]
[Date "2008.04.18"]
[Round "4"]
[White "Eriksson,C"]
[Black "Pallesen,Ja"]
[Result "1/2-1/2"]
[WhiteElo "2129"]
[BlackElo "2038"]

1.e4 c5 2.c3 Nf6 3.e5 Nd5 4.Nf3 e6 5.Bc4 Nb6 6.Bb3 Nc6 7.d4 cxd4 8.cxd4 d6
9.Qe2 Be7 10.O-O Bd7 11.exd6 Bxd6 12.d5 Nb4 13.dxe6 fxe6 14.Bxe6 Bxe6 15.Qxe6+ Qe7
16.Qb3 Qf7 17.Re1+ Kf8 18.Qxf7+ Kxf7 19.Ng5+ Kf8 20.Na3 h6 21.Bf4 Be7 22.Ne6+ Kf7
23.Rad1 Bf6 24.Nc7 Rad8 25.Nab5 Nd3 26.Nd6+ Rxd6 27.Bxd6 Nxe1 28.Rxe1 Nc4
29.Bf4 Nxb2 30.Be3 a6 31.Nd5 Nc4 32.Rb1 b5 33.Nc7 Nxe3 34.fxe3 Bg5 35.Kf2 Rc8
36.Nxa6 Rc2+ 37.Kf3 Rxa2 38.Nc7 Ra3 39.Nd5 Ra5 40.Nc7 Ra3 41.Nd5 Ra5 42.g3 Be7
43.e4 Ra3+ 44.Kg4 Ra4 45.Nxe7  1/2-1/2

[Event "10th North American FIDE Inv"]
[Site "Chicago USA"]
[Date "2008.04.19"]
[Round "2"]
[White "Stamnov,A"]
[Black "Arjun,V"]
[Result "1-0"]
[WhiteElo "2239"]
[BlackElo "2373"]

1.e4 c5 2.c3 Nf6 3.e5 Nd5 4.d4 cxd4 5.Nf3 Nc6 6.Bc4 Nb6 7.Bb3 d5 8.exd6 e6
9.cxd4 Bxd6 10.O-O Nd5 11.Re1 O-O 12.Nc3 Nce7 13.Bc2 Bd7 14.Ne5 Rc8 15.Nxd5 Nxd5
16.Qd3 g6 17.Bb3 Nb4 18.Qf3 Bc6 19.Nxc6 Rxc6 20.g3 Be7 21.Bh6 Re8 22.Ba4 Nc2
23.Bxc6 Nxe1 24.Rxe1 bxc6 25.Qxc6 Bf8 26.Bf4 Re7 27.Be5 Bg7 28.Bxg7 Kxg7
29.Rd1 Rd7 30.Qc5 Qb8 31.Qc3 Rd5 32.Rd2 Qd8 33.f4 h5 34.Kf2 Qf6 35.h4 a5
36.Ke2 Qf5 37.Qd3 Qg4+ 38.Kf2 Qh3 39.Qe4 Kf6 40.Qf3 Kg7 41.Kg1 Qf5 42.Qd3 Qh3
43.Re2 Rf5 44.Re5 Rxf4 45.Re3 Qg4 46.d5 exd5 47.Qxd5 Rf5 48.Qd3 Kh7 49.Kg2 Qa4
50.a3 Qc6+ 51.Rf3 Qb7 52.b3 Qc6 53.Qc3 Qe4 54.Qd3 Qc6 55.Qc3 Rc5 56.Qd3 Rc2+
57.Kg1  1-0

[Event "Open"]
[Site "Senj CRO"]
[Date "2008.04.19"]
[Round "5"]
[White "Mestrovic,Z"]
[Black "Drazic,S"]
[Result "1/2-1/2"]
[WhiteElo "2328"]
[BlackElo "2497"]

1.e4 c5 2.c3 Nf6 3.e5 Nd5 4.d4 cxd4 5.Nf3 e6 6.Bc4 Nb6 7.Bb3 dxc3 8.Nxc3 d5
9.exd6 Bxd6 10.O-O Nc6 11.Qe2 O-O 12.Rd1 Qe7 13.a4 Re8 14.a5 Nd7 15.a6 Nf8
16.Ne4 Bb4 17.Bg5 f6 18.Bf4 bxa6 19.Rac1 Bb7 20.Bd6 Bxd6 21.Nxd6 Reb8 22.Nf5 Qf7
23.Nd6 Qe7 24.Nf5 Qf7 25.Nd6  1/2-1/2

[Event "26th Metz Open"]
[Site "Metz St Symphorien FRA"]
[Date "2008.04.20"]
[Round "2"]
[White "Langrock,H"]
[Black "Chizelle,B"]
[Result "1-0"]
[WhiteElo "2395"]
[BlackElo "1971"]

1.e4 c5 2.c3 Nf6 3.e5 Nd5 4.Nf3 e6 5.d4 cxd4 6.cxd4 Nc6 7.Bc4 d6 8.O-O dxe5
9.dxe5 Be7 10.Qe2 Na5 11.Bd3 Bd7 12.Bd2 a6 13.Nc3 Nxc3 14.Bxc3 b5 15.Rfd1 Qb6
16.Bxh7 Rxh7 17.Qe4 Bc6 18.Qxh7 b4 19.Qg8+ Bf8 20.Ng5  1-0

[Event "IX EICC"]
[Site "Plovdiv BUL"]
[Date "2008.04.21"]
[Round "1"]
[White "Stevic,H"]
[Black "Sidorenko,I"]
[Result "1-0"]
[WhiteElo "2571"]
[BlackElo "2334"]

1.e4 c5 2.c3 Nf6 3.e5 Nd5 4.d4 cxd4 5.Nf3 Nc6 6.cxd4 d6 7.Bc4 Nb6 8.Bb5 Bd7
9.Nc3 dxe5 10.d5 Nb4 11.Nxe5 Bxb5 12.Nxb5 Rc8 13.O-O Qxd5 14.Nxa7 Qxe5 15.Nxc8 Nxc8
16.Re1 Qc7 17.Qa4+ Nc6 18.Bf4 Qa5 19.Qxa5 Nxa5 20.Rac1 Nc6 21.b4 Nb6 22.b5 Nd8
23.Be3 Nd5 24.a4 b6 25.Bxb6 Nxb6 26.a5 Nd7 27.Red1 e6 28.a6 Bb4 29.Rc8 Ke7
30.a7 Nb6 31.Rb8  1-0

[Event "IX EICC"]
[Site "Plovdiv BUL"]
[Date "2008.04.21"]
[Round "1"]
[White "Arnaudov,G"]
[Black "Miladinovic,I"]
[Result "0-1"]
[WhiteElo "2369"]
[BlackElo "2579"]

1.e4 c5 2.c3 Nf6 3.e5 Nd5 4.Nf3 Nc6 5.d4 cxd4 6.cxd4 d6 7.Bc4 e6 8.O-O Be7
9.Qe2 a6 10.Nc3 Nxc3 11.bxc3 d5 12.Bd3 Bd7 13.h4 Rc8 14.Ng5 Qa5 15.Bd2 h6
16.Nh3 Qa4 17.f4 h5 18.f5 exf5 19.Nf4 Be6 20.Qf3 g6 21.Kh1 Bd8 22.Rfb1 b5
23.Nxd5 Nxe5 24.dxe5 Qxh4+ 25.Kg1 Bxd5 26.Qf2 Qxf2+ 27.Kxf2 Bb6+ 28.Kf1 h4  0-1

[Event "II Open"]
[Site "La Laguna ESP"]
[Date "2008.04.22"]
[Round "2"]
[White "Lyell,M"]
[Black "Korneev,O"]
[Result "0-1"]
[WhiteElo "2237"]
[BlackElo "2651"]

1.e4 c5 2.c3 Nf6 3.e5 Nd5 4.Nf3 e6 5.d4 cxd4 6.cxd4 d6 7.a3 Bd7 8.Bd3 Bc6
9.O-O Nd7 10.b4 a6 11.Nbd2 Nf4 12.Be4 d5 13.Bc2 Bb5 14.Re1 Nd3 15.Re3 Nxc1
16.Rxc1 Rc8 17.Bb3 Be7 18.Rec3 Rxc3 19.Rxc3 O-O 20.Qb1 a5 21.Bc2 h6 22.bxa5 Qxa5
23.Rb3 Bc6 24.Qf1 Ra8 25.Qd3 Nf8 26.Nb1 Qa6 27.Qe3 Bb5 28.Nfd2 Rc8 29.Rc3 Rxc3
30.Qxc3 Qc6 31.Qb2 Ba6 32.Nc3 Nd7 33.h3 Nb6 34.a4 Nc4 35.Nxc4 Qxc4 36.Nb5 g6
37.Bb3 Qd3 38.Nc7 Qf1+ 39.Kh2 Bh4 40.Ne8 Bxf2 41.Nf6+ Kg7  0-1

[Event "IX EICC"]
[Site "Plovdiv BUL"]
[Date "2008.04.24"]
[Round "4"]
[White "Rigopoulos Tsigkos,A"]
[Black "Arnaudov,G"]
[Result "0-1"]
[WhiteElo "1980"]
[BlackElo "2369"]

1.e4 c5 2.c3 Nf6 3.e5 Nd5 4.d4 cxd4 5.Nf3 Nc6 6.Bc4 Nb6 7.Bb3 d5 8.exd6 Qxd6
9.Na3 a6 10.cxd4 Be6 11.O-O Bd5 12.Be3 e6 13.Ne5 Be7 14.Qh5 O-O 15.Rad1 Bxb3
16.axb3 Nd5 17.Nac4 Qc7 18.Nxc6 Qxc6 19.Rd3 Qb5 20.Bc1 Nb4 21.Rh3 Qxh5 22.Rxh5 Rad8
23.Be3 g6 24.Rh3 Nc6 25.Rd1 Bf6 26.Kf1 b5 27.Bh6 bxc4 28.Bxf8 Rxf8 29.bxc4 Bxd4
30.b4 Rb8 31.Ra3 e5 32.Rxa6 Nxb4 33.Ra5 Rc8 34.Rc1 Nd3 35.Rc2 Nc5 36.Rca2 Kg7
37.Ra8 Rc6 38.Rc2 Rb6 39.Ke2 Rb1 40.Rd8 Ne6 41.Rc8 Bc5 42.Kd3 Nf4+ 43.Ke4 Re1+
44.Kf3 Ne6 45.Kg3 e4  0-1

[Event "IX EICC"]
[Site "Plovdiv BUL"]
[Date "2008.04.25"]
[Round "5"]
[White "Narciso Dublan,M"]
[Black "Atakisi,U"]
[Result "1-0"]
[WhiteElo "2509"]
[BlackElo "2365"]

1.e4 c5 2.c3 Nf6 3.e5 Nd5 4.Nf3 Nc6 5.Bc4 Nb6 6.Be2 g6 7.d4 cxd4 8.cxd4 Bg7
9.Bf4 d6 10.exd6 exd6 11.Nc3 O-O 12.Bg5 f6 13.Be3 d5 14.O-O g5 15.h3 h6 16.a4 a5
17.Ne1 f5 18.f4 Re8 19.Bf2 Be6 20.Nd3 Nc8 21.Nc5 Bf7 22.fxg5 hxg5 23.Nxb7 Qb6
24.Nc5 Qxb2 25.Bh5 Nd6 26.Bxf7+ Nxf7 27.Nb5 Re2 28.Rc1 Rd2 29.Qf3 Nxd4 30.Bxd4 Bxd4+
31.Kh1 Bxc5 32.Rxc5 Qe5 33.Qxf5 Qxf5 34.Rxf5 d4 35.Rc7 Rf8 36.Rd7 d3 37.Nd6 Nxd6
38.Rxg5+ Kh8 39.Rh5+ Kg8 40.Rg5+ Kh8 41.Rxd6 Kh7 42.Rxa5 Rf7 43.Rh5+ Kg8
44.Rg5+ Rg7 45.Rd8+ Kh7 46.Rxg7+ Kxg7 47.a5 Ra2 48.Rxd3 Rxa5 49.Kh2 Kg6 50.h4 Kh5
51.Kh3 Ra4 52.g4+ Kg6 53.Rd6+ Kg7 54.h5 Kh7 55.Kh4 Rb4 56.h6 Rb5 57.g5 Rb4+
58.Kh5 Rb5 59.Rd7+ Kg8 60.Re7 Ra5 61.Kg6 Ra6+ 62.Kf5 Ra5+ 63.Re5 Ra8 64.g6 Rb8
65.Kg5 Kh8 66.h7  1-0

[Event "IX EICC"]
[Site "Plovdiv BUL"]
[Date "2008.04.25"]
[Round "5"]
[White "Vajda,L"]
[Black "Sebenik,M"]
[Result "1/2-1/2"]
[WhiteElo "2582"]
[BlackElo "2502"]

1.e4 c5 2.c3 Nf6 3.e5 Nd5 4.d4 cxd4 5.Nf3 Nc6 6.cxd4 d6 7.Bc4 Nb6 8.Bb5 dxe5
9.Nxe5 Bd7 10.Nxd7 Qxd7 11.Nc3 Rd8 12.O-O e6 13.Bg5 Be7 14.Bxe7 Qxe7 15.Bxc6+ bxc6
16.Qf3 O-O 17.Qxc6 Rxd4 18.Rfd1 Rfd8 19.Rxd4 Rxd4 20.Rd1 Rxd1+ 21.Nxd1 h6
22.Ne3 Nd5 23.h3 Nxe3 24.fxe3 Kh7 25.a3 Qh4 26.Qc3 Qe4 27.b4 e5 28.a4 f5
29.Qd2 a6 30.Kh2 Qc6 31.a5 Qe4 32.Kg1 h5 33.Kf2 h4 34.Kg1 g6 35.Kf2 Kh6 36.Qc3 Qd5
37.Qc2 Qd6 38.Qb2 g5 39.Ke1 Qd5 40.Qc2 Kg6 41.Qc8 Qd6 42.Qc4 e4 43.b5 axb5
44.Qxb5 Qa3 45.Kf2 Qa2+ 46.Kg1 Qd2 47.Qb6+ Kh7 48.Kh2 Qf2 49.Qc7+ Kg6 50.Qd6+ Kg7
51.Qe5+ Kg6 52.a6 Qxe3 53.Qd6+ Kh5 54.Qc7 Kh6 55.a7 Qa3 56.Kg1 Qa1+ 57.Kf2 Qd4+
58.Ke2 Qd3+ 59.Ke1 e3 60.Qb6+ Kh7 61.Qb4 e2 62.Qe7+ Kg6 63.Qe6+ Kh7 64.Qxe2 Qg3+
65.Kd1 Qb3+ 66.Qc2 Qd5+ 67.Kc1 Qa5 68.Qd1 Qa1+ 69.Kc2 Qa4+ 70.Kc1 Qa1+ 71.Kc2 Qa4+
72.Kc1  1/2-1/2

[Event "IX EICC"]
[Site "Plovdiv BUL"]
[Date "2008.04.26"]
[Round "6"]
[White "Bojkov,D"]
[Black "Moor,R"]
[Result "1-0"]
[WhiteElo "2492"]
[BlackElo "2378"]

1.e4 c5 2.c3 Nf6 3.e5 Nd5 4.d4 cxd4 5.Nf3 Nc6 6.cxd4 d6 7.Bc4 Nb6 8.Bb5 Bd7
9.exd6 e6 10.Bg5 f6 11.Bh4 Bxd6 12.Nc3 O-O 13.O-O Ne7 14.Qb3 Kh8 15.Rfe1 Nbd5
16.Nxd5 Nxd5 17.Bc4 Qc7 18.Bg3 Bxg3 19.hxg3 Qb6 20.Bxd5 exd5 21.Qxd5 Bc6
22.Qc5 Bxf3 23.Qxb6 axb6 24.gxf3 Rf7 25.Re6 Rd7 26.Rxb6 Ra4 27.d5 h5 28.d6 Rd4
29.Rc1 R4xd6 30.Rxd6 Rxd6 31.Rc5  1-0

[Event "ch-UZB"]
[Site "Tashkent UZB"]
[Date "2008.04.26"]
[Round "3"]
[White "Egin,V"]
[Black "Gubaydulin,T"]
[Result "1/2-1/2"]
[WhiteElo "2444"]
[BlackElo "2213"]

1.e4 c5 2.c3 Nf6 3.e5 Nd5 4.d4 cxd4 5.Nf3 Nc6 6.cxd4 d6 7.Bc4 Nb6 8.Bb5 dxe5
9.Nxe5 Bd7 10.Nxd7 Qxd7 11.Nc3 e6 12.O-O Be7 13.Qg4 O-O 14.Bxc6 bxc6 15.Bh6 Bf6
16.Rfd1 Rfd8 17.Ne4 Qe7 18.Rac1 Rac8 19.h4 Rd5 20.Bg5 Nd7 21.Rc3 Bxg5 22.hxg5 Rd8
23.Rd2 e5 24.Rcd3 exd4 25.Rxd4 f5 26.gxf6 Nxf6 27.Nxf6+ Qxf6 28.Rxd5 cxd5
29.Qd4 Qxd4 30.Rxd4 Kf7 31.Ra4 Rd7 32.Kf1 Ke6 33.Ke2 Ke5 34.Kd3 Rf7 35.f3 g5
36.Ke3 h5 37.g3 Rc7 38.Ra6 Rc2 39.Rxa7  1/2-1/2

[Event "26th Liechtenstein Open"]
[Site "Triesen LIE"]
[Date "2008.04.26"]
[Round "2"]
[White "Sommer,S"]
[Black "Zeltwanger,A"]
[Result "0-1"]
[WhiteElo "2041"]
[BlackElo "2242"]

1.e4 c5 2.c3 Nf6 3.e5 Nd5 4.d4 cxd4 5.Nf3 Nc6 6.Bc4 Nb6 7.Bb3 e6 8.cxd4 d6
9.exd6 Bxd6 10.Nc3 O-O 11.O-O a6 12.a3 h6 13.Qd3 Ne7 14.Bc2 Ng6 15.Ne4 f5
16.Nxd6 Qxd6 17.Re1 Bd7 18.h4 Nd5 19.g3 Nf6 20.Qb3 Kh7 21.Ne5 Rfe8 22.Bd2 Bc6
23.Nxc6 Qxc6 24.Bd1 Qd5 25.Qd3 Rad8 26.Bc3 Qd7 27.h5 Ne7 28.g4 Ned5 29.Re5 Ne7
30.Bf3 Kh8 31.Rd1 fxg4 32.Be4 Nc6 33.Rc5 Nxe4 34.Qxe4 Qd6 35.Qxg4 e5 36.dxe5 Qxd1+
37.Qxd1 Rxd1+ 38.Kg2 Kg8 39.b4 Rc1 40.a4 Ne7 41.Rc7 Nd5  0-1

[Event "26th Metz Open"]
[Site "Metz St Symphorien FRA"]
[Date "2008.04.27"]
[Round "9"]
[White "Karpatchev,A"]
[Black "Stephanus,J"]
[Result "1-0"]
[WhiteElo "2462"]
[BlackElo "1991"]

1.e4 c5 2.c3 Nf6 3.e5 Nd5 4.Nf3 e6 5.d4 cxd4 6.cxd4 b6 7.Nc3 Nxc3 8.bxc3 Qc7
9.Bd2 Bb7 10.Bd3 d6 11.O-O Nd7 12.Ng5 Be7 13.Qh5 g6 14.Qh6 Bf8 15.Qh3 Bg7
16.Rae1 dxe5 17.f4 e4 18.Bxe4 Bxe4 19.Rxe4 Nf6 20.Rxe6+ Kf8 21.Ree1 h6 22.Nf3 Re8
23.Ne5 b5 24.Qd3 a6 25.a4 Nd5 26.axb5 axb5 27.Rb1  1-0

[Event "IX EICC"]
[Site "Plovdiv BUL"]
[Date "2008.04.30"]
[Round "9"]
[White "Narciso Dublan,M"]
[Black "Kryvoruchko,Y"]
[Result "0-1"]
[WhiteElo "2509"]
[BlackElo "2612"]

1.e4 c5 2.c3 Nf6 3.e5 Nd5 4.Nf3 Nc6 5.Bc4 Nb6 6.Be2 d6 7.exd6 e6 8.d4 cxd4
9.cxd4 Bxd6 10.Nc3 O-O 11.O-O Nd5 12.Re1 Nce7 13.Bg5 Nxc3 14.bxc3 b6 15.Qd3 Bb7
16.Bd2 Ng6 17.Ng5 Be7 18.Qg3 Qd6 19.f4 Bxg5 20.Qxg5 Rac8 21.a4 Bd5 22.a5 h6
23.Qg4 Ne7 24.Ba6 Rc6 25.Qe2 Nf5 26.Bb5 Rc7 27.Qe5 Qd8 28.axb6 axb6 29.Bd3 f6
30.Qe2 Nd6 31.Reb1 Rc6 32.Ra7 Qb8 33.Rba1 Rc7 34.R7a6 Qb7 35.R6a4 Qc6 36.Rb4 Bc4
37.Be1 Rd8 38.Rab1 Bxd3 39.Qxd3 b5 40.Qe2 Qd5 41.Ra1 Kf7 42.Qa2 Qe4 43.g3 Rdd7
44.Qg2 Qe3+ 45.Qf2 Qd3 46.Qf1 Qf5 47.Rb2 Ra7 48.Rba2 Rxa2 49.Rxa2 Rc7 50.Qe2 Qd5
51.Qg2 Ne4 52.Ra5 f5 53.Qb2 Nd6 54.Qg2 Qb3 55.Qa2 Qd1 56.Qa1 Qe2 57.Ra2 Qe3+
58.Kf1 Ne4 59.Ra7 Rxa7 60.Qxa7+ Kf6 61.Qa1 Qf3+ 62.Kg1 Qe2 63.d5 Qe3+ 64.Kf1 Qd3+
65.Kg1 exd5 66.c4+ Kg6 67.Qa6+ Kh7 68.cxb5 d4 69.Qa5 Qe3+ 70.Kg2 Qe2+ 71.Kg1 Qe3+
72.Kg2 Nd6 73.b6 Qe4+ 74.Kh3 Nc4 75.Qa2 Nxb6 76.Qf7 Nd5 77.Bd2 Ne3 78.Bxe3 dxe3
79.Kh4 e2 80.h3 e1=N  0-1

[Event "IX EICC"]
[Site "Plovdiv BUL"]
[Date "2008.05.01"]
[Round "10"]
[White "Bojkov,D"]
[Black "Kozul,Z"]
[Result "1/2-1/2"]
[WhiteElo "2492"]
[BlackElo "2583"]

1.e4 c5 2.c3 Nf6 3.e5 Nd5 4.d4 cxd4 5.Nf3 e6 6.cxd4 d6 7.Bc4 Be7 8.O-O O-O
9.Qe2 Bd7 10.Bxd5 exd5 11.Nc3 Bc6 12.e6 Na6 13.Nb5 Qb6 14.a4 Rae8 15.Bg5 f6
16.Bd2 Bxb5 17.Qxb5 Nc7 18.Qxb6 axb6 19.Ra3 Nxe6 20.Rb3 Bd8 21.Rb5 Rf7 22.Rxd5 Rd7
23.Bb4 Bc7 24.g3 Ra8 25.b3 Nd8 26.Nd2 Nc6 27.Bc3 Ne7 28.Rb5 d5 29.a5 Nc8
30.axb6 Bxb6 31.Rc1 Kf7 32.Nf1 Ra6 33.Ne3 Ne7 34.Rd1 Bd8 35.Bb4 Nc6 36.Rxd5 Rxd5
37.Nxd5 Nxb4 38.Nxb4 Rb6 39.Nd3 Rxb3 40.Nc5 Rb4 41.Ra1 Be7 42.Ra7 b5 43.Rd7 Rc4
44.Kg2 b4 45.h4 g6 46.Nb3 Rc3 47.Nc5 Rc4 48.Nb3 Ke6 49.Rb7 Rc3 50.Na5 Bd6
51.Rb5 Kd7 52.Nb7 Rc4 53.Nxd6 Kxd6 54.d5 Ke5 55.f4+ Kf5 56.Kh3 Rd4 57.d6+ Ke6
58.Rb6 h5 59.Kg2 Rd2+ 60.Kh3 Rd4 61.Kg2 Kd5 62.d7 Kc5 63.Rb7 f5 64.Kh2 Rd2+
65.Kh3 Kc4 66.Rc7+ Kb3 67.Rb7 Kc3 68.Rc7+ Kb2 69.Ra7 b3 70.Rb7 Kc2 71.Rc7+ Kb1
72.Rb7 b2 73.Rc7 Ka2 74.Ra7+ Kb3 75.Rb7+ Kc2 76.Rc7+ Kd1 77.Rb7 Ke1 78.Rxb2 Rxd7
79.Rb6 Kf2 80.Rb2+ Ke3 81.Rb6 Rd1 82.Rxg6 Kf2 83.Kh2 Rg1 84.Rg5 Rg2+ 85.Kh1 Rxg3
86.Kh2 Rg4 87.Rxh5 Rxf4 88.Kh3 Rf3+ 89.Kh2 Ke3 90.Rh8 Rf2+ 91.Kg1 Ra2 92.Rb8 Kf3
93.Rb3+ Kg4 94.h5 Kxh5 95.Rg3 Kh4 96.Rg8 Ra4 97.Kf2 Rf4+ 98.Ke3 Rg4 99.Rf8 Kg5  1/2-1/2

[Event "IX EICC"]
[Site "Plovdiv BUL"]
[Date "2008.05.01"]
[Round "10"]
[White "Arnaudov,G"]
[Black "Klokas,K"]
[Result "1-0"]
[WhiteElo "2369"]
[BlackElo "2160"]

1.e4 c5 2.c3 Nf6 3.e5 Nd5 4.Nf3 e6 5.d4 cxd4 6.cxd4 d6 7.Bc4 Nc6 8.O-O Be7
9.Re1 O-O 10.Qe2 Bd7 11.a3 Rc8 12.Nbd2 Na5 13.Ba2 Ba4 14.Ne4 Nb3 15.Rb1 Qb6
16.Be3 dxe5 17.dxe5 Nxe3 18.Qxe3 Qxe3 19.Rxe3 Nc1 20.Nc3 Nxa2 21.Nxa4 b5
22.Ra1 bxa4 23.Rxa2 Rc2 24.Ne1 Rc1 25.g3 f6 26.Kg2 Bc5 27.Re2 Bd4 28.exf6 Rxf6
29.Nf3 Bb6 30.Ne5 Rf5 31.Nd3 Rd1 32.Nb4 Kf7 33.Nc2 Rb1 34.Nb4 Kf6 35.Nd3 Rb5
36.Rc2 Bd4 37.Rc4 e5 38.Rxa4 Rb3 39.Nf4 R3xb2 40.Rxb2 Rxb2 41.Ra6+ Kf5 42.Ne6 Rxf2+
43.Kh3 Bb6 44.Nxg7+ Kg6 45.Ne6 Rf6 46.a4 Rxe6 47.a5 e4 48.axb6 axb6 49.Kg2 Kf5
50.Ra7 h6 51.h3 e3 52.Kf1 e2+ 53.Ke1 b5 54.Rf7+ Kg5 55.Rg7+ Kf6 56.Rh7 Kg6
57.Rb7 Re5 58.Rb8 Kf5 59.Rb6 h5 60.Rb8 h4 61.Rf8+ Ke4 62.gxh4 Kd3 63.Rd8+ Ke3
64.Rg8 b4 65.Rg4 Rb5 66.Rg3+ Kd4 67.Kxe2 b3 68.Kd2 b2 69.Rg4+ Kc5 70.Rg5+ Kc6
71.Rxb5 Kxb5 72.Kc2 Kc5  1-0

[Event "26th Liechtenstein Open"]
[Site "Triesen LIE"]
[Date "2008.05.01"]
[Round "7"]
[White "Goris,T"]
[Black "Vilerte,T"]
[Result "1-0"]
[WhiteElo "2049"]
[BlackElo "2234"]

1.e4 c5 2.c3 Nf6 3.e5 Nd5 4.d4 cxd4 5.Nf3 Nc6 6.cxd4 d6 7.Bc4 Nb6 8.Bb5 dxe5
9.Nxe5 Bd7 10.Bxc6 Bxc6 11.Nxc6 bxc6 12.O-O g6 13.Re1 Bg7 14.Bg5 O-O 15.Bxe7 Qxd4
16.Qxd4 Bxd4 17.Nd2 Rfe8 18.Ba3 Rad8 19.Rxe8+ Rxe8 20.Kf1 Na4 21.Nc4 Nb6
22.Rc1 c5 23.Nd6 Re6 24.Nb5 Nd5 25.Nxa7 Nf4 26.Rc2 Nd3 27.Re2 Ra6 28.Nb5 Bf6
29.Nc7 Ra7 30.Nd5 Bd4 31.Ne7+ Kg7 32.Nc6 Ra4 33.Nxd4 cxd4 34.Rd2 Nc1 35.Bc5 d3
36.Rd1 Rc4 37.Be3 Nxa2 38.Rxd3 Kf8 39.Ra3 Nc1 40.Ke1 Re4 41.Kd1  1-0